Butyl nanocomposites with reduced air permeability: Theory and practice (Record no. 55027)

MARC details
000 -LEADER
fixed length control field 00302nam a2200109Ia 4500
100 ## - MAIN ENTRY--AUTHOR NAME
Personal name Lohse David J
245 #0 - TITLE STATEMENT
Title Butyl nanocomposites with reduced air permeability: Theory and practice
260 ## - PUBLICATION, DISTRIBUTION, ETC. (IMPRINT)
Name of publisher Rubber World
Year of publication 2009
300 ## - PHYSICAL DESCRIPTION
Number of Pages 36-38
942 ## - ADDED ENTRY ELEMENTS (KOHA)
Koha item type Journals
Holdings
Withdrawn status Lost status Damaged status Not for loan Home library Current library Date acquired Serial Enumeration / chronology Koha item type
      Journals RRII Library RRII Library 23/10/2009 Volume 240, Issue 6 Journals